000 01214nam a22003257a 4500
005 20170705143550.0
010 _aENG-108542
020 _a9788132110880
_c595.00
020 _a9788132110880
_c675.00
035 _aEN-92075
035 _aB-534953-958
035 _aB-664579
037 _bDBAD/PUB
037 _bBSB/Ven
_adpl
082 _a158.72
245 _aStress and work :
_bperspectives on understanding and managing stress /
_cedited by D. M. Pestonjee [and] Satish Pandey
260 _aNew Delhi
_bSage Publications
_c2013
270 _aB1/I-1 Mohan Cooperative Industrial Area
_bNew Delhi
_e110044
300 _axv, 370p. :
_bill.
_c24cm (pbk)
500 _aIncludes bibliographical references and index
650 _aJob stress
650 _aStress (Psychology)
650 _aWork
_xPsychological aspects
650 _aStress management
700 _aPestonjee, D. M.
_d1939-
700 _aPandey, Satish
942 _2ddc
_cEN
_mSTR
_h158.72
999 _c79394
_d79394